| 000 | 00456 a2200085 4500 | ||
|---|---|---|---|
| 100 | 1 |
_aFengker, Maciej. _eAutor |
|
| 245 | 0 |
_aBadania nad zastosowaniem nowych metod i urządzeń w doraźnych nagłośnieniach przestrzeni otwartej i zamkniętej : _bSposoby zastosowania magnetofonu opóźnieniowego przy realizacji doraźnych nagłośnień / _cFengker Maciej. _netap 1 |
|
| 710 | 2 |
_aInstytut Łączności.. _eWydawca _4pbl |
|
| 260 |
_aGdańsk : _bIŁ, _c1973. |
||
| 300 |
_aIII,74 s.; _c34 cm. |
||
| 999 |
_c15664 _d15664 |
||